UBT Library

Inventing the American woman : (Record no. 39143)

000 -LEADER
fixed length control field 00668cam a2200241 a 4500
001 - CONTROL NUMBER
control field 3805871
005 - DATE AND TIME OF LATEST TRANSACTION
control field 20171219040632.0
008 - FIXED-LENGTH DATA ELEMENTS--GENERAL INFORMATION
fixed length control field 850823m19869999ilua b 001 0 eng
010 ## - LIBRARY OF CONGRESS CONTROL NUMBER
LC control number 85021880
020 ## - INTERNATIONAL STANDARD BOOK NUMBER
International Standard Book Number 0882958380 (pbk. : v. 2)
020 ## - INTERNATIONAL STANDARD BOOK NUMBER
Cancelled/invalid ISBN 0882958372 (v. 1)
040 ## - CATALOGING SOURCE
Original cataloging agency DLC
Transcribing agency DLC
Modifying agency DLC
041 ## - LANGUAGE CODE
Language code of text/sound track or separate title eng
043 ## - GEOGRAPHIC AREA CODE
Geographic area code n-us---
080 ## - UNIVERSAL DECIMAL CLASSIFICATION NUMBER
Universal Decimal Classification number 305.40973 RIL
082 00 - DEWEY DECIMAL CLASSIFICATION NUMBER
Classification number 305.40973 RIL
Edition number 19
100 1# - Rafti
Rafti 50
101 ## - Shkurtesa
Shkurtesa SOC
245 10 - TITLE STATEMENT
Title Inventing the American woman :
Statement of responsibility, etc Glenda Riley.
504 ## - BIBLIOGRAPHY, ETC. NOTE
Bibliography, etc Includes bibliographies and index.
906 ## - LOCAL DATA ELEMENT F, LDF (RLIN)
a 7
b cbc
c orignew
d 1
e ocip
f 19
g y-gencatlg
942 ## - ADDED ENTRY ELEMENTS (KOHA)
Source of classification or shelving scheme
Item type Books
Holdings
Withdrawn status Lost status Source of classification or shelving scheme Damaged status Not for loan Collection code Permanent location Current location Shelving location Date acquired Total Checkouts Full call number Barcode Date last seen Price effective from Koha item type
          Koleksioni i përgjithshem UBT - Lipjan UBT - Lipjan Koleksioni i përgjithshem 12/19/2017   305.40973 RIL 002-29463 12/19/2017 12/19/2017 Books
UBT Library © 2015-2024. All rights reserved University Education for Business and Technology